Methods in biotechnology

Salvato in:
Dettagli Bibliografici
Natura: Sách giấy
Lingua:English
Pubblicazione: London : Taylor and Francis , 1997
Tags: Aggiungi Tag
Nessun Tag, puoi essere il primo ad aggiungerne! !
Thư viện lưu trữ: Thư viện Trường Đại học Đà Lạt
LEADER 00502nam a2200229 4500
001 DLU020018477
005 ##9/24/2001
020 # # |a 978- 
041 # # |a eng 
082 # # |a 660.6  |b Met 
245 # # |a Methods in biotechnology 
260 # # |a London :  |b Taylor and Francis ,  |c 1997 
300 # # |a 257 tr., IX;   |c 25 cm. 
992 # # |a 269138 
994 # # |a DLU 
900 # # |a False 
911 # # |a Administrator 
925 # # |a G 
926 # # |a A 
927 # # |a SH 
980 # # |a Thư viện Trường Đại học Đà Lạt